Artificial intelligence and machine learning / (Record no. 53351)

MARC details
000 -LEADER
fixed length control field 00719nam a2200253Ia 4500
005 - DATE AND TIME OF LATEST TRANSACTION
control field 20260429112307.0
008 - FIXED-LENGTH DATA ELEMENTS--GENERAL INFORMATION
fixed length control field 260429s9999||||xx |||||||||||||| ||und||
020 ## - INTERNATIONAL STANDARD BOOK NUMBER
International Standard Book Number 9789364440820
041 ## - LANGUAGE CODE
Language English
082 ## - DEWEY DECIMAL CLASSIFICATION NUMBER
Classification number 006.3
Item number SIN
100 ## - MAIN ENTRY--PERSONAL NAME
Personal name Singh, Pradeep
245 #0 - TITLE STATEMENT
Title Artificial intelligence and machine learning /
Statement of responsibility, etc Pradeep Singh
260 ## - PUBLICATION, DISTRIBUTION, ETC. (IMPRINT)
Place of publication, distribution, etc New York :
Name of publisher, distributor, etc McGraw Hill,
Date of publication, distribution, etc 2026.
300 ## - PHYSICAL DESCRIPTION
Extent xxx, 554 p.; pbk
650 ## - SUBJECT ADDED ENTRY--TOPICAL TERM
Topical term or geographic name as entry element Computer science (arXiv)
650 ## - SUBJECT ADDED ENTRY--TOPICAL TERM
Topical term or geographic name as entry element Data science
650 ## - SUBJECT ADDED ENTRY--TOPICAL TERM
Topical term or geographic name as entry element Intelligent systems
650 ## - SUBJECT ADDED ENTRY--TOPICAL TERM
Topical term or geographic name as entry element Machine learning
650 ## - SUBJECT ADDED ENTRY--TOPICAL TERM
Topical term or geographic name as entry element Neural networks
650 ## - SUBJECT ADDED ENTRY--TOPICAL TERM
Topical term or geographic name as entry element Artificial intelligence
700 ## - ADDED ENTRY--PERSONAL NAME
Personal name Gandhi, Tapan K.
700 ## - ADDED ENTRY--PERSONAL NAME
Personal name Raman, Balasubramanian
942 ## - ADDED ENTRY ELEMENTS (KOHA)
Koha item type Text Books
Holdings
Withdrawn status Lost status Damaged status Not for loan Collection code Home library Location Shelving location Date of Cataloging Source of acquisition Total Checkouts Full call number Barcode Date last seen Price effective from Koha item type
        Non-fiction CUTN Central Library CUTN Central Library Generalia 29/04/2026 Kiran Book Centre, Bengaluru - Invoice No. 301/25-26 on 11-02-2026   006.3 SIN 56124 29/04/2026 29/04/2026 Text Books
        Non-fiction CUTN Central Library CUTN Central Library Generalia 29/04/2026 Kiran Book Centre, Bengaluru - Invoice No. 301/25-26 on 11-02-2026   006.3 SIN 56125 29/04/2026 29/04/2026 Text Books
        Non-fiction CUTN Central Library CUTN Central Library Generalia 29/04/2026 Kiran Book Centre, Bengaluru - Invoice No. 301/25-26 on 11-02-2026   006.3 SIN 56126 29/04/2026 29/04/2026 Text Books
        Non-fiction CUTN Central Library CUTN Central Library Generalia 29/04/2026 Kiran Book Centre, Bengaluru - Invoice No. 301/25-26 on 11-02-2026   006.3 SIN 56127 29/04/2026 29/04/2026 Text Books
        Non-fiction CUTN Central Library CUTN Central Library Generalia 29/04/2026 Kiran Book Centre, Bengaluru - Invoice No. 301/25-26 on 11-02-2026   006.3 SIN 56128 29/04/2026 29/04/2026 Text Books